[Event "Quebec op U2000"]
[Site "Montreal CAN"]
[Date "2008.07.26"]
[Round "8"]
[White "Lacroix, Serge"]
[Black "Longo, Tyler"]
[Result "1-0"]
[WhiteElo "1836"]
[BlackElo "1907"]
[PlyCount "109"]
[GameId "2160767910353620"]
[EventDate "2008.07.19"]
[EventType "swiss"]
[EventRounds "8"]
[EventCountry "CAN"]
[SourceTitle "EXT 2011"]
[Source "ChessBase"]
[SourceDate "2011.11.26"]
[SourceVersion "1"]
[SourceVersionDate "2011.11.26"]
[SourceQuality "1"]

1. d4 d5 2. Nf3 c5 3. e3 Nf6 4. Bd3 Nc6 5. b3 cxd4 6. exd4 Bg4 7. Bb2 e6 8. O-O Be7 9. Nbd2 O-O 10. a3 Qc7 11. Qe1 Nh5 12. h3 Bxf3 13. Nxf3 Nf4 14. Qd2 Nxd3 15. Qxd3 Bf6 16. Rae1 Rac8 17. Re2 Ne7 18. Ne5 Bxe5 19. dxe5 Qb6 20. Kh1 Rc6 21. f4 Qa6 22. Qf3 Rfc8 23. Rff2 Qb6 24. g4 g6 25. Qg3 Qc7 26. h4 Kf8 27. h5 Ke8 28. Qh4 gxh5 29. Qxh5 Ng6 30. a4 Qe7 31. c3 a5 32. f5 Qh4+ 33. Qxh4 Nxh4 34. Rf4 Rb6 35. Kh2 Rxb3 36. Kh3 d4 37. Kxh4 dxc3 38. Bc1 exf5 39. gxf5 Rb4 40. Kg5 Rd8 41. Kf6 Rb6+ 42. e6 Rd1 43. Ba3 fxe6 44. fxe6 Ra1 45. Rg2 Kd8 46. Be7+ Kc7 47. Rc4+ Rc6 48. Rxc6+ Kxc6 49. Bd8 Rxa4 50. Re2 Rf4+ 51. Kg7 Kd6 52. e7 c2 53. e8=Q c1=Q 54. Qe6+ Kc5 55. Qc8+ 1-0

[Event "Quebec op U2000"]
[Site "Montreal CAN"]
[Date "2008.07.26"]
[Round "8"]
[White "Laurin, Marcel"]
[Black "Morin, Louis"]
[Result "0-1"]
[WhiteElo "1602"]
[BlackElo "1907"]
[PlyCount "56"]
[GameId "2160767910353621"]
[EventDate "2008.07.19"]
[EventType "swiss"]
[EventRounds "8"]
[EventCountry "CAN"]
[SourceTitle "EXT 2022"]
[Source "ChessBase"]
[SourceDate "2021.10.06"]
[SourceVersion "1"]
[SourceVersionDate "2021.10.06"]
[SourceQuality "1"]

1. d4 d5 2. c4 e6 3. Nf3 c5 4. cxd5 exd5 5. dxc5 Bxc5 6. e3 Nf6 7. Bb5+ Nc6 8. O-O O-O 9. a3 Bg4 10. Bxc6 bxc6 11. Nbd2 a5 12. Qc2 Qd6 13. b3 Rfe8 14. Bb2 Ne4 15. Nxe4 dxe4 16. Qc3 f6 17. Nd2 Be2 18. Rfc1 Ba7 19. Nc4 Qc7 20. Nxa5 Bb8 21. g3 Rxa5 22. Qxc6 Qxc6 23. Rxc6 Be5 24. Bxe5 Rexe5 25. b4 Rad5 26. Rac1 Rd3 27. a4 Red5 28. Kg2 Bf3+ 0-1

[Event "Quebec op U2000"]
[Site "Montreal CAN"]
[Date "2008.07.26"]
[Round "8"]
[White "Libersan, Mattieu"]
[Black "Shah, Omar"]
[Result "1-0"]
[WhiteElo "1967"]
[BlackElo "1904"]
[PlyCount "60"]
[GameId "2160767910353622"]
[EventDate "2008.07.19"]
[EventType "swiss"]
[EventRounds "8"]
[EventCountry "CAN"]
[SourceTitle "EXT 2022"]
[Source "ChessBase"]
[SourceDate "2021.10.06"]
[SourceVersion "1"]
[SourceVersionDate "2021.10.06"]
[SourceQuality "1"]

1. e4 c5 2. Nf3 d6 3. d4 cxd4 4. Nxd4 Nf6 5. Nc3 a6 6. Bc4 e6 7. O-O Be7 8. Kh1 O-O 9. f4 b5 10. Bd3 Qc7 11. Be3 Nbd7 12. a3 Bb7 13. Qf3 Nc5 14. Rae1 Rac8 15. Bg1 Nxd3 16. cxd3 Nd7 17. Qh3 Bf6 18. Nce2 Nc5 19. Rc1 Qe7 20. b4 Nd7 21. Ng3 g6 22. Be3 Bg7 23. f5 e5 24. fxg6 hxg6 25. Ndf5 Qe6 26. Bh6 gxf5 27. Bxg7 Kxg7 28. Nxf5+ Qxf5 29. Qxf5 Rxc1 30. Rxc1 Rc8 1-0

[Event "Quebec op U2000"]
[Site "Montreal CAN"]
[Date "2008.07.26"]
[Round "8"]
[White "McKay, Brian"]
[Black "Agcaoili, Marlou"]
[Result "0-1"]
[WhiteElo "1822"]
[BlackElo "1869"]
[PlyCount "46"]
[GameId "2160767910353623"]
[EventDate "2008.07.19"]
[EventType "swiss"]
[EventRounds "8"]
[EventCountry "CAN"]
[SourceTitle "EXT 2022"]
[Source "ChessBase"]
[SourceDate "2021.10.06"]
[SourceVersion "1"]
[SourceVersionDate "2021.10.06"]
[SourceQuality "1"]

1. e4 c5 2. Nc3 Nc6 3. Bc4 g6 4. f4 d6 5. Nf3 Bg7 6. O-O e6 7. a3 Nge7 8. Ba2 O-O 9. d3 a6 10. Ne2 d5 11. Qe1 b6 12. Qh4 Bb7 13. Ng5 h6 14. Nf3 dxe4 15. dxe4 Nd4 16. Nexd4 cxd4 17. f5 gxf5 18. Bxh6 Ng6 19. Qh5 d3 20. exf5 Bxf3 21. fxg6 Bxh5 22. gxf7+ Bxf7 23. Bxg7 Kxg7 0-1

[Event "Quebec op U2000"]
[Site "Montreal CAN"]
[Date "2008.07.27"]
[Round "9"]
[White "Danilov, Alex"]
[Black "McKay, Brian"]
[Result "1-0"]
[WhiteElo "1912"]
[BlackElo "1822"]
[PlyCount "73"]
[GameId "2160767910353624"]
[EventDate "2008.07.19"]
[EventType "swiss"]
[EventRounds "8"]
[EventCountry "CAN"]
[SourceTitle "EXT 2022"]
[Source "ChessBase"]
[SourceDate "2021.10.06"]
[SourceVersion "1"]
[SourceVersionDate "2021.10.06"]
[SourceQuality "1"]

1. c4 g6 2. g3 Bg7 3. Bg2 Nf6 4. e3 d6 5. Nc3 Nbd7 6. Nge2 Ne5 7. d4 Ned7 8. O-O O-O 9. Qc2 e5 10. b3 Nh5 11. Bb2 f5 12. dxe5 dxe5 13. Rad1 c6 14. b4 Qg5 15. b5 e4 16. Nd4 Ne5 17. Nce2 c5 18. Nb3 b6 19. Nf4 Qh6 20. Rd5 Nf3+ 21. Bxf3 exf3 22. Bxg7 Kxg7 23. Qc3+ Kg8 24. Nd2 Bb7 25. Nxf3 Nxf4 26. exf4 Bxd5 27. cxd5 Qg7 28. Ne5 Rad8 29. Rd1 Rd6 30. Qf3 g5 31. Nc4 Rdd8 32. d6 g4 33. Qb3 Qf7 34. Ne5 Qxb3 35. axb3 Rf6 36. d7 Kf8 37. Nc6 1-0

[Event "Quebec op U2000"]
[Site "Montreal CAN"]
[Date "2008.07.27"]
[Round "9"]
[White "Liu, Weixi"]
[Black "Armstrong, Robert J"]
[Result "1/2-1/2"]
[WhiteElo "1950"]
[BlackElo "1783"]
[PlyCount "74"]
[GameId "2160767910353625"]
[EventDate "2008.07.19"]
[EventType "swiss"]
[EventRounds "8"]
[EventCountry "CAN"]
[SourceTitle "EXT 2011"]
[Source "ChessBase"]
[SourceDate "2011.11.26"]
[SourceVersion "1"]
[SourceVersionDate "2011.11.26"]
[SourceQuality "1"]

1. d4 g6 2. c4 Bg7 3. Nc3 Nf6 4. e4 d6 5. f3 O-O 6. Be3 Nfd7 7. g4 c5 8. Nge2 cxd4 9. Nxd4 Nc6 10. Qd2 Nxd4 11. Bxd4 Ne5 12. Be2 Be6 13. Nd5 Qd7 14. b3 Bxd5 15. cxd5 a6 16. Rg1 Qe8 17. Qb2 f6 18. f4 Nd7 19. O-O-O b5 20. Kb1 b4 21. h4 Nc5 22. Bd3 Nxd3 23. Rxd3 Qb5 24. Rh3 a5 25. g5 a4 26. h5 Kf7 27. gxf6 Bxf6 28. e5 dxe5 29. fxe5 Qxd5 30. hxg6+ hxg6 31. Rh7+ Bg7 32. Rxg7+ Ke8 33. Qg2 Rf1+ 34. Qxf1 Qe4+ 35. Ka1 Qxd4+ 36. Kb1 Qe4+ 37. Ka1 Qd4+ 1/2-1/2

[Event "Quebec op U2000"]
[Site "Montreal CAN"]
[Date "2008.07.27"]
[Round "9"]
[White "Morin, Louis"]
[Black "Ferreira, Alex"]
[Result "1-0"]
[WhiteElo "1907"]
[BlackElo "1958"]
[PlyCount "95"]
[GameId "2160767910353626"]
[EventDate "2008.07.19"]
[EventType "swiss"]
[EventRounds "8"]
[EventCountry "CAN"]
[SourceTitle "EXT 2022"]
[Source "ChessBase"]
[SourceDate "2021.10.06"]
[SourceVersion "1"]
[SourceVersionDate "2021.10.06"]
[SourceQuality "1"]

1. e4 e5 2. Nf3 Nf6 3. Nxe5 d6 4. Nxf7 Kxf7 5. Bc4+ Be6 6. Bxe6+ Kxe6 7. d4 Be7 8. O-O Kf7 9. Nc3 Rf8 10. f4 Kg8 11. Be3 c5 12. e5 dxe5 13. fxe5 Nd5 14. Rxf8+ Bxf8 15. dxc5 Nc6 16. Qxd5+ Qxd5 17. Nxd5 Nxe5 18. b3 Ng4 19. Bd4 Rc8 20. b4 Re8 21. h3 Ne5 22. Bxe5 Rxe5 23. c4 Re2 24. Kf1 Rc2 25. Ne3 Rc3 26. Ke2 Ra3 27. Nc2 Rc3 28. Kd2 Rxc4 29. g3 Re4 30. Re1 Rxe1 31. Nxe1 Kf7 32. Ke3 Ke6 33. Ke4 g6 34. Nf3 h6 35. Nd4+ Kd7 36. Kd5 h5 37. a4 g5 38. g4 hxg4 39. hxg4 Be7 40. b5 Bd8 41. c6+ Kc8 42. Ne6 Be7 43. Nc5 bxc6+ 44. Kxc6 Kb8 45. a5 Kc8 46. Nd7 Bd8 47. b6 axb6 48. a6 1-0

[Event "Quebec op U2000"]
[Site "Montreal CAN"]
[Date "2008.07.27"]
[Round "9"]
[White "Shah, Omar"]
[Black "Kayembe, Doris"]
[Result "1-0"]
[WhiteElo "1904"]
[BlackElo "1965"]
[PlyCount "87"]
[GameId "2160767910353627"]
[EventDate "2008.07.19"]
[EventType "swiss"]
[EventRounds "8"]
[EventCountry "CAN"]
[SourceTitle "EXT 2022"]
[Source "ChessBase"]
[SourceDate "2021.10.06"]
[SourceVersion "1"]
[SourceVersionDate "2021.10.06"]
[SourceQuality "1"]

1. e4 d5 2. exd5 Qxd5 3. Nc3 Qd6 4. Be2 Nf6 5. d4 a6 6. Be3 Qb4 7. Qd2 Qxb2 8. Rb1 Qa3 9. Bf3 c6 10. Nge2 e6 11. O-O Be7 12. Ng3 Qa5 13. Nge4 Nxe4 14. Bxe4 Nd7 15. Qd3 Qc7 16. Qe2 O-O 17. Bd3 c5 18. Ne4 cxd4 19. Bxd4 e5 20. Ba1 b5 21. h4 f5 22. Ng3 e4 23. Nxe4 fxe4 24. Qxe4 Nf6 25. Bxf6 Bxf6 26. Qxh7+ Kf7 27. Bg6+ Ke7 28. Rfe1+ Kd6 29. Rbd1+ Kc5 30. Be4 Bb7 31. Bxb7 Qxb7 32. Qf5+ Kb6 33. Qe6+ Ka5 34. Rd3 Rfe8 35. Ra3+ Kb4 36. Qd6+ Kc4 37. Rb1 a5 38. Rxa5 Re1+ 39. Rxe1 Rxa5 40. a3 Ra4 41. Rd1 b4 42. Qd3+ Kc5 43. Qd6+ Kc4 44. Qd3+ 1-0

[Event "Quebec op U2400"]
[Site "Montreal CAN"]
[Date "2008.07.19"]
[Round "1"]
[White "Aird, Ian"]
[Black "Barron, Michael"]
[Result "0-1"]
[WhiteElo "2046"]
[BlackElo "2251"]
[PlyCount "80"]
[GameId "2160767910353628"]
[EventDate "2008.07.19"]
[EventType "swiss"]
[EventRounds "9"]
[EventCountry "CAN"]
[SourceTitle "EXT 2011"]
[Source "ChessBase"]
[SourceDate "2011.11.26"]
[SourceVersion "1"]
[SourceVersionDate "2011.11.26"]
[SourceQuality "1"]

1. Nf3 f5 2. d4 Nf6 3. g3 g6 4. Bg2 Bg7 5. O-O O-O 6. c3 d5 7. Ne5 Nbd7 8. Nd3 b6 9. Nf4 Nb8 10. Qb3 e6 11. c4 c6 12. Nc3 Kh8 13. Rd1 Qd6 14. Nd3 Rd8 15. Bf4 Qe7 16. c5 Qb7 17. Ne5 Kg8 18. Na4 b5 19. Nc3 Nbd7 20. Nd3 a5 21. Qc2 Ne4 22. Nxe4 fxe4 23. Ne5 Nxe5 24. Bxe5 Bxe5 25. dxe5 Qg7 26. Qc3 b4 27. Qd4 Ba6 28. Rd2 Rf8 29. f4 g5 30. Qe3 Rf5 31. Kh1 Kh8 32. Bh3 g4 33. Bf1 Qh6 34. Qd4 Qf8 35. e3 Rf7 36. Be2 Bxe2 37. Rxe2 Rb7 38. Rf2 Qf5 39. a3 Rab8 40. a4 b3 0-1

[Event "Quebec op U2400"]
[Site "Montreal CAN"]
[Date "2008.07.19"]
[Round "1"]
[White "Audet-Bouchard, Nicolas"]
[Black "Brown, Gabriel"]
[Result "1-0"]
[WhiteElo "2154"]
[BlackElo "1940"]
[PlyCount "67"]
[GameId "2160767910353629"]
[EventDate "2008.07.19"]
[EventType "swiss"]
[EventRounds "9"]
[EventCountry "CAN"]
[SourceTitle "EXT 2011"]
[Source "ChessBase"]
[SourceDate "2011.11.26"]
[SourceVersion "1"]
[SourceVersionDate "2011.11.26"]
[SourceQuality "1"]

1. e4 c5 2. Nf3 d6 3. d4 cxd4 4. Nxd4 Nf6 5. Nc3 a6 6. Be3 e5 7. Nb3 Be7 8. f3 b5 9. Qd2 Nbd7 10. g4 Nb6 11. g5 Nh5 12. Na5 Be6 13. Nc6 Qc7 14. Nxe7 Kxe7 15. O-O-O b4 16. Nd5+ Bxd5 17. exd5 Rhc8 18. Kb1 Nc4 19. Bxc4 Qxc4 20. Rhg1 a5 21. Rg4 Qb5 22. f4 Rc4 23. Qe2 Rb8 24. fxe5 Rxg4 25. exd6+ Kf8 26. Qxg4 g6 27. Qd4 Kg8 28. Qd3 Qd7 29. Qa6 Ng7 30. Qc6 Qg4 31. Rg1 Qh3 32. Bb6 Nf5 33. d7 Qxh2 34. Qc8+ 1-0

[Event "Quebec op U2400"]
[Site "Montreal CAN"]
[Date "2008.07.19"]
[Round "1"]
[White "Beaulieu, Pierre"]
[Black "Khassanov, Marat"]
[Result "0-1"]
[WhiteElo "2063"]
[BlackElo "2312"]
[PlyCount "68"]
[GameId "2160767910353630"]
[EventDate "2008.07.19"]
[EventType "swiss"]
[EventRounds "9"]
[EventCountry "CAN"]
[SourceTitle "EXT 2011"]
[Source "ChessBase"]
[SourceDate "2011.11.26"]
[SourceVersion "1"]
[SourceVersionDate "2011.11.26"]
[SourceQuality "1"]

1. e4 c5 2. Nf3 d6 3. Nc3 Nc6 4. Bc4 a6 5. a4 Nf6 6. h3 g6 7. Qe2 Bg7 8. O-O O-O 9. d3 Bd7 10. Bg5 h6 11. Bxf6 Bxf6 12. Nd5 Bg7 13. c3 Na5 14. Nd2 Bc6 15. Nb3 Nxc4 16. dxc4 Re8 17. a5 e6 18. Nb6 Rb8 19. Rad1 Qe7 20. f4 Rbd8 21. Rfe1 g5 22. Qf2 gxf4 23. Qxf4 Kh7 24. Rd3 Be5 25. Qf2 Rg8 26. Nd2 Rg7 27. Kh1 Rdg8 28. Rg1 f5 29. Qe2 Qh4 30. Re3 Qf4 31. g4 fxg4 32. b4 gxh3 33. Rxg7+ Rxg7 34. Rxh3 Qxd2 0-1

[Event "Quebec op U2400"]
[Site "Montreal CAN"]
[Date "2008.07.19"]
[Round "1"]
[White "Caire, Francois"]
[Black "Morissette, Jean-Sebastien"]
[Result "1-0"]
[WhiteElo "2183"]
[BlackElo "1988"]
[PlyCount "61"]
[GameId "2160767910353631"]
[EventDate "2008.07.19"]
[EventType "swiss"]
[EventRounds "9"]
[EventCountry "CAN"]
[SourceTitle "EXT 2011"]
[Source "ChessBase"]
[SourceDate "2011.11.26"]
[SourceVersion "1"]
[SourceVersionDate "2011.11.26"]
[SourceQuality "1"]

1. Nf3 d5 2. c4 e6 3. d4 Nf6 4. g3 c6 5. Bg2 Nbd7 6. Qc2 Be7 7. O-O O-O 8. b3 b6 9. Rd1 Bb7 10. Nc3 Rc8 11. e4 dxe4 12. Ng5 h6 13. Ngxe4 Nxe4 14. Nxe4 Nf6 15. Bf4 Nxe4 16. Qxe4 Qd7 17. h4 Rfd8 18. h5 Bf6 19. Be3 Qe7 20. Rd2 Rc7 21. Qg4 e5 22. dxe5 Bxe5 23. Rad1 Rxd2 24. Rxd2 Qf6 25. Qd1 Bc8 26. Rd8+ Kh7 27. f4 Bc3 28. Rd6 Qe7 29. Qd3+ g6 30. hxg6+ Kg8 31. Rd8+ 1-0

[Event "Quebec op U2400"]
[Site "Montreal CAN"]
[Date "2008.07.19"]
[Round "1"]
[White "Fareh, Youness"]
[Black "Courval, Francois"]
[Result "0-1"]
[WhiteElo "2178"]
[BlackElo "1966"]
[PlyCount "104"]
[GameId "2160767910353632"]
[EventDate "2008.07.19"]
[EventType "swiss"]
[EventRounds "9"]
[EventCountry "CAN"]
[SourceTitle "EXT 2011"]
[Source "ChessBase"]
[SourceDate "2011.11.26"]
[SourceVersion "1"]
[SourceVersionDate "2011.11.26"]
[SourceQuality "1"]

1. Nf3 f5 2. e4 fxe4 3. Ng5 Nf6 4. d3 e5 5. Nxe4 d5 6. Nxf6+ Qxf6 7. Nc3 Be6 8. Qh5+ g6 9. Qg5 Be7 10. h4 Nc6 11. Qxf6 Bxf6 12. Bh6 Nd4 13. O-O-O O-O-O 14. Re1 Rde8 15. Kb1 Nf5 16. Bg5 Bg7 17. g3 h6 18. Bc1 Rhf8 19. Bg2 c6 20. Nd1 Nd4 21. Be3 Kc7 22. a4 Nf3 23. Bxf3 Rxf3 24. Bxa7 Ra8 25. Bd4 Kd6 26. Bc3 Rxa4 27. b3 Ra8 28. Re2 d4 29. Bb2 c5 30. Bc1 Raf8 31. Rg1 Bg4 32. Re4 h5 33. Rge1 b5 34. Bd2 Ra8 35. Rxg4 hxg4 36. Re4 Rf7 37. Rxg4 Rfa7 38. Rxg6+ Bf6 39. c4 Ra1+ 40. Kc2 R8a2+ 41. Nb2 Ke7 42. Bc1 e4 43. cxb5 exd3+ 44. Kd2 Rb1 45. b6 Raxb2+ 46. Bxb2 Rxb2+ 47. Kxd3 Rxb3+ 48. Ke4 Rxb6 49. g4 Re6+ 50. Kd3 Bxh4 51. Rg7+ Kd6 52. g5 Bxf2 0-1

[Event "Quebec op U2400"]
[Site "Montreal CAN"]
[Date "2008.07.19"]
[Round "1"]
[White "Groleau, Gilles"]
[Black "Robichaud, Louis"]
[Result "1/2-1/2"]
[WhiteElo "1930"]
[BlackElo "2129"]
[PlyCount "94"]
[GameId "2160767910353634"]
[EventDate "2008.07.19"]
[EventType "swiss"]
[EventRounds "9"]
[EventCountry "CAN"]
[SourceTitle "EXT 2011"]
[Source "ChessBase"]
[SourceDate "2011.11.26"]
[SourceVersion "1"]
[SourceVersionDate "2011.11.26"]
[SourceQuality "1"]

1. e4 e5 2. Nf3 Nc6 3. Bb5 a6 4. Ba4 Nf6 5. Qe2 b5 6. Bb3 Be7 7. a4 b4 8. a5 O-O 9. O-O d6 10. d3 Bg4 11. Be3 d5 12. h3 Be6 13. Nbd2 h6 14. exd5 Bxd5 15. Nc4 Bd6 16. Nxd6 Qxd6 17. Nd2 Nd4 18. Bxd4 exd4 19. Nc4 Qc6 20. f3 Bxc4 21. Bxc4 Rfe8 22. Qd2 Qd6 23. Rfe1 Nd5 24. Bxd5 Qxd5 25. Rxe8+ Rxe8 26. Qxb4 Re2 27. Re1 Rxc2 28. Qa4 Rxb2 29. Qe8+ Kh7 30. Qe4+ Qxe4 31. Rxe4 c5 32. Re7 Rb5 33. Rxf7 Rxa5 34. Rc7 Kg6 35. g4 Kg5 36. Kf2 Kh4 37. Rxg7 Kxh3 38. f4 Kh4 39. f5 Rb5 40. Kf3 Rb1 41. Rg6 Rf1+ 42. Ke4 a5 43. Rxh6+ Kxg4 44. Rg6+ Kh5 45. Ra6 Kg5 46. Rg6+ Kh5 47. Ra6 Kg5 1/2-1/2

[Event "Quebec op U2400"]
[Site "Montreal CAN"]
[Date "2008.07.19"]
[Round "1"]
[White "Hambleton, Aman"]
[Black "Ye, Ling Feng"]
[Result "1/2-1/2"]
[WhiteElo "2012"]
[BlackElo "2197"]
[PlyCount "91"]
[GameId "2160767910353635"]
[EventDate "2008.07.19"]
[EventType "swiss"]
[EventRounds "9"]
[EventCountry "CAN"]
[SourceTitle "EXT 2011"]
[Source "ChessBase"]
[SourceDate "2011.11.26"]
[SourceVersion "1"]
[SourceVersionDate "2011.11.26"]
[SourceQuality "1"]

1. d4 d5 2. c4 e6 3. Nc3 Be7 4. Nf3 Nf6 5. Bg5 O-O 6. e3 Nbd7 7. cxd5 exd5 8. Bd3 c6 9. O-O Re8 10. Qc2 Nf8 11. Rab1 Ng6 12. b4 Ne4 13. Bxe7 Qxe7 14. b5 Bg4 15. Bxe4 dxe4 16. Nd2 f5 17. bxc6 bxc6 18. Rfe1 Nh4 19. Ne2 Bxe2 20. Rxe2 Qg5 21. Qc4+ Kh8 22. g3 Rac8 23. Ree1 Nf3+ 24. Nxf3 exf3 25. Rec1 Qg4 26. Rb2 h6 27. Rbc2 Re4 28. Qf1 f4 29. exf4 Rxd4 30. Rxc6 Rxc6 31. Rxc6 Qd7 32. Rc1 Rd2 33. Qc4 Rd1+ 34. Rxd1 Qxd1+ 35. Qf1 Qe2 36. Qb1 h5 37. h3 Qd2 38. Qb8+ Kh7 39. Qe5 Qd1+ 40. Kh2 h4 41. gxh4 Qd2 42. Qf5+ Kh8 43. Qh5+ Kg8 44. Qe8+ Kh7 45. Kg3 Qxa2 46. Qh5+ 1/2-1/2

[Event "Quebec op U2400"]
[Site "Montreal CAN"]
[Date "2008.07.19"]
[Round "1"]
[White "Keith-Jacques, Liam"]
[Black "Laptos, Krzysztof"]
[Result "1-0"]
[WhiteElo "2040"]
[BlackElo "2235"]
[PlyCount "21"]
[GameId "2160767910353637"]
[EventDate "2008.07.19"]
[EventType "swiss"]
[EventRounds "9"]
[EventCountry "CAN"]
[SourceTitle "EXT 2011"]
[Source "ChessBase"]
[SourceDate "2011.11.26"]
[SourceVersion "1"]
[SourceVersionDate "2011.11.26"]
[SourceQuality "1"]

1. e4 e5 2. Nf3 Qe7 3. Nc3 c6 4. d4 d6 5. dxe5 dxe5 6. Bg5 f6 7. Be3 Be6 8. Qd2 Qc7 9. O-O-O Nd7 10. Be2 Qa5 11. Bc4 1-0

[Event "Quebec op U2400"]
[Site "Montreal CAN"]
[Date "2008.07.19"]
[Round "1"]
[White "MacKinnon, Keith"]
[Black "Ramaswamy, Kishor"]
[Result "1-0"]
[WhiteElo "2029"]
[BlackElo "2125"]
[PlyCount "61"]
[GameId "2160767910353639"]
[EventDate "2008.07.19"]
[EventType "swiss"]
[EventRounds "9"]
[EventCountry "CAN"]
[SourceTitle "EXT 2011"]
[Source "ChessBase"]
[SourceDate "2011.11.26"]
[SourceVersion "1"]
[SourceVersionDate "2011.11.26"]
[SourceQuality "1"]

1. e4 c6 2. d4 d5 3. exd5 cxd5 4. Nf3 Nc6 5. c4 Nf6 6. Nc3 e6 7. Bg5 Be7 8. Be2 O-O 9. O-O dxc4 10. Bxc4 b6 11. Bb5 Bb7 12. Qa4 Qc8 13. Rac1 a6 14. Bd3 b5 15. Qd1 Qd8 16. Bb1 Nb4 17. Ne5 Rc8 18. Qe2 Nbd5 19. Ne4 h6 20. Bd2 Qb6 21. Nf3 Rfd8 22. Rfd1 Nxe4 23. Bxe4 Bf6 24. Qe1 Ne7 25. Ba5 Qa7 26. Bxd8 Rxd8 27. Qa5 Nd5 28. Ne5 Nf4 29. Qc7 Rxd4 30. Qxf7+ Kh8 31. Qf8# 1-0

[Event "Quebec op U2400"]
[Site "Montreal CAN"]
[Date "2008.07.19"]
[Round "1"]
[White "Oussedik, Elias"]
[Black "Mai, Lloyd"]
[Result "1-0"]
[WhiteElo "1980"]
[BlackElo "2179"]
[PlyCount "53"]
[GameId "2160767910353640"]
[EventDate "2008.07.19"]
[EventType "swiss"]
[EventRounds "9"]
[EventCountry "CAN"]
[SourceTitle "EXT 2011"]
[Source "ChessBase"]
[SourceDate "2011.11.26"]
[SourceVersion "1"]
[SourceVersionDate "2011.11.26"]
[SourceQuality "1"]

1. e4 c5 2. Nf3 d6 3. d4 cxd4 4. Nxd4 Nf6 5. Nc3 g6 6. Be3 Bg7 7. f3 O-O 8. Qd2 Nc6 9. Bc4 Bd7 10. O-O-O Rc8 11. Bb3 Ne5 12. h4 h5 13. g4 hxg4 14. h5 Nxh5 15. Rdg1 Qa5 16. Bh6 Rxc3 17. bxc3 Bxh6 18. Qxh6 Qxc3 19. Kb1 Qxd4 20. fxg4 Ba4 21. gxh5 Nc4 22. Rxg6+ fxg6 23. Bxc4+ Qxc4 24. Qxg6+ Kh8 25. Qh6+ Kg8 26. Rg1+ Kf7 27. Qg6# 1-0

[Event "Quebec op U2400"]
[Site "Montreal CAN"]
[Date "2008.07.19"]
[Round "1"]
[White "Rachar, Sean"]
[Black "Roy, Alain"]
[Result "0-1"]
[WhiteElo "1937"]
[BlackElo "2140"]
[PlyCount "88"]
[GameId "2160767910353641"]
[EventDate "2008.07.19"]
[EventType "swiss"]
[EventRounds "9"]
[EventCountry "CAN"]
[SourceTitle "EXT 2011"]
[Source "ChessBase"]
[SourceDate "2011.11.26"]
[SourceVersion "1"]
[SourceVersionDate "2011.11.26"]
[SourceQuality "1"]

1. d4 Nf6 2. c4 g6 3. Nc3 Bg7 4. e4 d6 5. f3 O-O 6. Bg5 Nbd7 7. Nge2 c5 8. d5 Qb6 9. Qd2 Ne5 10. Ng3 Qb4 11. b3 h6 12. a3 Qa5 13. Be3 Nh7 14. Nge2 Ng5 15. Kd1 Ngxf3 16. gxf3 Nxf3 17. Qc1 Nd4 18. Nxd4 cxd4 19. b4 Qd8 20. Bxh6 dxc3 21. Bxg7 Kxg7 22. Qxc3+ f6 23. Kc2 Rh8 24. Be2 Rh4 25. Qg3 Qh8 26. Bf3 Bd7 27. c5 Rc8 28. Qf2 Qh6 29. Rac1 Qf4 30. Kb2 Rh3 31. Rc3 Bg4 32. Rf1 Bxf3 33. Rxf3 Qe5+ 34. Kb3 Rxh2 35. Qe3 dxc5 36. Rh3 c4+ 37. Ka4 Rxh3 38. Qxh3 Rb8 39. b5 Rh8 40. Qe3 b6 41. Rc1 Rh4 42. Rxc4 f5 43. Qd4 Qxd4 44. Rxd4 Rxe4 0-1

[Event "Quebec op U2400"]
[Site "Montreal CAN"]
[Date "2008.07.19"]
[Round "1"]
[White "Tot, Nandor"]
[Black "Rosen, Matthew"]
[Result "1/2-1/2"]
[WhiteElo "1959"]
[BlackElo "2170"]
[PlyCount "139"]
[GameId "2160767910353642"]
[EventDate "2008.07.19"]
[EventType "swiss"]
[EventRounds "9"]
[EventCountry "CAN"]
[SourceTitle "EXT 2011"]
[Source "ChessBase"]
[SourceDate "2011.11.26"]
[SourceVersion "1"]
[SourceVersionDate "2011.11.26"]
[SourceQuality "1"]

1. Nf3 Nf6 2. c4 e6 3. Nc3 Bb4 4. Qc2 O-O 5. a3 Bxc3 6. Qxc3 d5 7. e3 Nbd7 8. d4 b6 9. cxd5 exd5 10. Bd3 c5 11. O-O Bb7 12. Bf5 Ne4 13. Qc2 Rc8 14. Qa4 Bc6 15. Qd1 Qf6 16. Bxd7 Bxd7 17. Ne5 Bb5 18. f3 Bxf1 19. Qxf1 Qe6 20. fxe4 dxe4 21. h3 h5 22. Qe2 g6 23. b4 cxb4 24. axb4 Qb3 25. Qb2 Qd1+ 26. Kh2 Rc2 27. Qb1 Qe2 28. Bd2 Rxd2 29. Qxe4 a6 30. Nxg6 Rd8 31. Nf4 Qb5 32. Qf3 Rc8 33. Nxh5 Rcc2 34. Qg3+ Kf8 35. Qd6+ Kg8 36. Qg3+ Kf8 37. Nf4 a5 38. bxa5 bxa5 39. Rg1 a4 40. Qh4 a3 41. Qf6 Ke8 42. Qh8+ Ke7 43. Qh4+ Kd7 44. Qf6 a2 45. Qxf7+ Kc8 46. Ra1 Qb8 47. Qe8+ Kb7 48. Qb5+ Ka8 49. Qa5+ Qa7 50. Qd8+ Kb7 51. Qd7+ Kb8 52. Qd8+ Kb7 53. Qd7+ Rc7 54. Qd5+ Kb8 55. Ne6 Rcc2 56. Qd8+ Kb7 57. Qd7+ Ka6 58. Qa4+ Kb6 59. Qb4+ Kc6 60. d5+ Kxd5 61. Nf4+ Ke5 62. Qb5+ Kd6 63. Qb4+ Kd7 64. Qb5+ Ke7 65. Qe5+ Kd7 66. Qe6+ Kd8 67. Qf6+ Qe7 68. Qb6+ Qc7 69. Qf6+ Kc8 70. Qa6+ 1/2-1/2

[Event "Quebec op U2400"]
[Site "Montreal CAN"]
[Date "2008.07.19"]
[Round "1"]
[White "Voskanyan, Vahagn"]
[Black "Libersan, Thierry"]
[Result "1-0"]
[WhiteElo "2253"]
[BlackElo "2053"]
[PlyCount "53"]
[GameId "2160767910353643"]
[EventDate "2008.07.19"]
[EventType "swiss"]
[EventRounds "9"]
[EventCountry "CAN"]
[SourceTitle "EXT 2011"]
[Source "ChessBase"]
[SourceDate "2011.11.26"]
[SourceVersion "1"]
[SourceVersionDate "2011.11.26"]
[SourceQuality "1"]

1. e4 c5 2. Nf3 e6 3. b3 Nf6 4. e5 Nd5 5. c4 Ne7 6. Bb2 Nbc6 7. g3 Nf5 8. Bg2 Be7 9. O-O h5 10. d4 cxd4 11. Nxd4 Ncxd4 12. Bxd4 h4 13. Nc3 hxg3 14. hxg3 a6 15. c5 Qc7 16. Ne4 Rb8 17. Rc1 Qd8 18. Qd2 O-O 19. Rc4 b5 20. cxb6 Nxd4 21. Rxd4 Qxb6 22. Nf6+ Bxf6 23. exf6 Qd8 24. fxg7 Re8 25. Qh6 f5 26. Bf3 Qe7 27. Qh8+ 1-0